La pintura y el mundo interior

Wedi'i Gadw mewn:
Manylion Llyfryddiaeth
Prif Awdur: Stokes, Adrian (Awdur)
Fformat: Llyfr
Iaith:Sbaeneg
Cyhoeddwyd: Buenos Aires Ediciones Hormé S. A. E 1967
Cyfres:Biblioteca Psicología de Hoy, 44
Pynciau:
Tagiau: Ychwanegu Tag
Dim Tagiau, Byddwch y cyntaf i dagio'r cofnod hwn!

MARC

LEADER 00000cam a2200000 a 4500
001 UCF8754
003 CL-VaPUC
008 131004e19670000ag |||||||||||||||||spa|d
082 0 4 |a 701.15  |b STO  |2 21 
100 0 |a Stokes, Adrian  |e author  |9 570891 
245 1 3 |a La pintura y el mundo interior 
300 |a 109 p 
942 |c BK 
945 |d 20131004 22:02:00  |a dcastane 
260 |a Buenos Aires  |b Ediciones Hormé S. A. E  |c 1967 
650 0 |a Pintura  |9 265046 
650 0 |a Psicología del arte  |9 265264 
650 0 |a Arte y sociedad   |9 306277 
583 |a last modification  |c 20131004 22:02:00  |k Rodrigo Vera 
490 0 |a Biblioteca Psicología de Hoy, 44 
999 |c 353311  |d 353309 
952 |0 0  |1 0  |3 erb  |4 0  |6 701_150000000000000_STO_1967  |7 0  |8 A  |9 458449  |a BIBART  |b BIBART  |d 2019-11-23  |i 5010799  |l 2  |m 1  |o 701.15 STO 1967  |p 5010799  |r 2025-03-13  |s 2023-08-16  |w 2019-11-23  |y BK  |z Catalogado en:20131004  |k ART